Every Country in its Official Language – with Less Typing - Statistics

General Stats
  • This quiz has been taken 522 times
    512 since last reset
  • The average score is 86 of 122
Answer Stats
Country in Official Language Country % Correct
Asia Türkiye Turkey
100%
Asia Azərbaycan Azerbaijan
99%
Asia Pilipinas Philippines
99%
Asia Timor-Leste East Timor
98%
Europe België Belgium
88%
Europe Danmark Denmark
88%
Europe Bosna i Hercegovina Bosnia and Herzegovina
88%
Europe Deutschland Germany
88%
Europe Italia Italy
88%
Europe Kosova Kosovo
88%
Europe Latvija Latvia
88%
Europe Nederland Netherlands
88%
Europe España Spain
88%
Europe Norge Norway
87%
Europe Polska Poland
87%
Europe Slovenija Slovenia
87%
Europe Città del Vaticano Vatican City
87%
South America Brasil Brazil
86%
South America Paraguái Paraguay
86%
Africa Cameroun Cameroon
85%
Europe Česko Czech Republic
85%
North America República Dominicana Dominican Republic
85%
Oceania Papua Niugini Papua New Guinea
85%
Europe Ísland Iceland
85%
Europe Lëtzebuerg Luxembourg
85%
Europe Slovensko Slovakia
85%
Africa République démocratique du Congo Democratic Republic of the Congo
84%
Africa République du Congo Republic of the Congo
84%
Africa Guinée Guinea
84%
Africa Côte d'Ivoire Ivory Coast
84%
Europe Lietuva Lithuania
84%
Africa Madagasikara Madagascar
84%
Africa Moçambique Mozambique
84%
South America Piruw Peru
84%
Europe Österreich Austria
83%
Africa Cabo Verde Cape Verde
83%
Africa Guinea Ecuatorial Equatorial Guinea
83%
Africa Guiné-Bissau Guinea-Bissau
83%
Europe Éire Ireland
83%
Oceania Solomon Aelan Solomon Islands
83%
Europe Schweiz Switzerland
83%
Oceania Tuuvalu Tuvalu
83%
Africa Uburundi Burundi
82%
Africa São Tomé e Príncipe São Tomé and Príncipe
82%
Asia Қазақстан Kazakhstan
82%
Oceania Viti Fiji
81%
Europe Россия Russia
81%
Oceania Naoero Nauru
80%
Asia 中国 China
79%
Europe Eesti Estonia
79%
Europe Ελλάς Greece
79%
Asia Кыргызстан Kyrgyzstan
79%
Europe Sverige Sweden
79%
Asia Тоҷикистон Tajikistan
79%
Europe Suomi Finland
78%
North America Ayiti Haiti
78%
Asia Ўзбекистон Uzbekistan
78%
South America Wuliwya Bolivia
77%
Asia 日本 Japan
77%
Asia 조선민주주의인민공화국 North Korea
77%
Oceania Belau Palau
77%
Asia 대한민국 South Korea
77%
Europe Белару́сь Belarus
75%
Europe Magyarország Hungary
75%
Europe Україна Ukraine
75%
Africa Komori Comoros
74%
Europe Hrvatska Croatia
74%
Asia ישראל Israel
74%
Oceania Aotearoa New Zealand
74%
Europe Северна Македонија North Macedonia
74%
Africa iNingizimu Afrika South Africa
74%
Asia 臺灣 Taiwan
73%
Europe България Bulgaria
71%
Europe Србија Serbia
68%
Asia Κύπρος Cyprus
67%
Africa Moris Mauritius
67%
Asia भारत India
66%
Europe Shqipëria Albania
65%
Africa مِصر Egypt
64%
Oceania Aorōkin M̧ajeļ Marshall Islands
63%
Europe Црна Гора Montenegro
63%
Africa Ködörösêse tî Bêafrîka Central African Republic
61%
Asia الإمارات العربيّة المتّحدة United Arab Emirates
61%
Asia नेपाल Nepal
61%
Africa ليبيا Libya
59%
Asia เมืองไทย Thailand
59%
Asia Հայաստան Armenia
56%
Africa ኢትዮጵያ Ethiopia
56%
Asia 新加坡 Singapore
56%
Africa تونس Tunisia
56%
Africa السودان Sudan
55%
Asia বাংলাদেশ Bangladesh
54%
Africa ኤርትራ Eritrea
54%
Asia საქართველო Georgia
54%
Asia ປະເທດລາວ Laos
54%
Africa Sesel Seychelles
53%
Asia ایران Iran
52%
Asia افغانستان Afghanistan
51%
Asia កម្ពុជា Cambodia
51%
Asia عێراق Iraq
51%
Asia မြန်မာ Myanmar
51%
Asia عُمان Oman
51%
Asia ශ්‍රී ලංකාව Sri Lanka
51%
Asia اليمن Yemen
51%
Asia الأردن Jordan
50%
Asia ᠮᠤᠩᠭᠤᠯ ᠤᠯᠤᠰ Mongolia
50%
Asia السعودية Saudi Arabia
50%
Asia البحرين Bahrain
49%
Asia دولة الكويت Kuwait
48%
Asia سورية Syria
48%
Asia འབྲུག་ཡུལ Bhutan
47%
Asia لبنان Lebanon
47%
Asia قطر Qatar
47%
Africa ⴷⵣⴰⵢⵔ Algeria
46%
Africa ⵍⵎⵖⵔⵉⴱ Morocco
46%
Africa موريتانيا Mauritania
45%
Asia پاکستان Pakistan
45%
Africa جيبوتي Djibouti
44%
Africa تشاد Chad
43%
Asia ދިވެހިރާއްޖެ Maldives
42%
Africa 𐒈𐒝𐒑𐒛𐒐𐒘𐒕𐒖 Somalia
40%
Africa 𞤃𞤢𞥄𞤤𞤭 Mali
36%
No matching quizzes found
Score Distribution
Percent of People with Each Score
Percentile by Number Answered
Your Score History
You have not taken this quiz since the last reset